Kerana Pimpi

Bibliographic Details
Main Author: Sariah Ramli
Format: Book
Published: Kuala Lumpur : Vital Star Sdn.Bhd. , 2002
Series:Siri Cerita Dongeng Ibarat
Subjects:

MARC

LEADER 00000cam a2200000 7i4500
001 0000068749
005 20091201.0
008 091201 bm
020 |a 9830245268 
090 0 0 |a J 398.2 SAR 
100 1 |a Sariah Ramli 
245 1 0 |a Kerana Pimpi   |c Sariah Ramlee 
260 |a Kuala Lumpur :   |b Vital Star Sdn.Bhd. ,   |c 2002 
300 |a 30p. :   |b ill. ;   |c 22cm. 
440 0 |a Siri Cerita Dongeng Ibarat 
650 0 0 |a Folk Literature 
999 |a 0000069872   |b Buku   |c Koleksi Pinjaman Kanak-Kanak   |e Perbadanan Perpustakaan Awam Melaka 
999 |a 0000069873   |b Buku   |c Koleksi Pinjaman Kanak-Kanak   |e Perpustakaan Cawangan Jasin 
999 |a 0000069874   |b Buku   |c Koleksi Pinjaman Kanak-Kanak   |e Perpustakaan Cawangan Masjid Tanah 
999 |a 0000069875   |b Buku   |c Koleksi Pinjaman Kanak-Kanak   |e Perpustakaan Cawangan Merlimau 
999 |a 0000069876   |b Buku   |c Koleksi Pinjaman Kanak-Kanak   |e Perbadanan Perpustakaan Awam Melaka